Statistics for Stone Cold Steve Austin's opponents

Click here to take the quiz!

General Stats

  • This quiz has been taken 469 times
    (195 since last reset)
  • The average score is 40 of 114

Answer Stats

Answer% Correct
The Rock
98%
The Undertaker
95%
Kane
94%
Triple H
90%
Vince McMahon
90%
Shawn Michaels
88%
Bret "Hitman" Hart
85%
Owen Hart
83%
Mankind
80%
Kevin Owens
78%
The Big Show
78%
Chris Jericho
77%
Kurt Angle
77%
Brian Pillman
71%
Chris Benoit
71%
Ric Flair
71%
Scott Hall
67%
Booker T
66%
Matt Hardy
65%
Billy Gunn
63%
Eddie Guerrero
63%
Keith Hart
63%
Dustin Rhodes
62%
Vader
62%
Jake "The Snake" Roberts
61%
Ken Shamrock
60%
Rikishi
60%
Rob Van Dam
60%
Bart Gunn
57%
Savio Vega
56%
D'Lo Brown
55%
Big Bossman
54%
"Macho Man" Randy Savage
52%
Sting
51%
Davey Boy Smith
50%
Ricky "The Dragon" Steamboat
49%
Marc Mero
46%
Sid
46%
Ahmed Johnson
45%
Ron Simmons
45%
Eric Bischoff
44%
William Regal
44%
Arn Anderson
43%
Tazz
43%
Val Venis
43%
Yokozuna
43%
Jeff Jarrett
41%
Jerry "The King" Lawler
41%
Jim "The Anvil" Neidhart
41%
Bob Holly
40%
Rick Steiner
38%
Scott Steiner
38%
Bobby Eaton
34%
"Hacksaw" Jim Duggan
34%
Marcus Alexander Bagwell
32%
Barry Windham
29%
Chris Adams
29%
Henry O. Godwinn
29%
Mikey Whipwreck
27%
Shane Douglas
26%
Marty Jannetty
24%
Terry Taylor
23%
Tommy Rich
23%
Michael "P.S." Hayes
22%
Mr. Perfect
22%
2 Cold Scorpio
21%
Aldo Montoya
20%
Jimmy Garvin
20%
Alex Wright
18%
Steve Armstrong
18%
Tom Zenk
18%
Barry Horowitz
17%
Paul Roma
17%
"Razor Ramon"
17%
P.N. News
16%
The Great Muta
16%
Robert Gibson
15%
Tracy Smothers
15%
Brad Armstrong
13%
Brian Armstrong
13%
Larry Zbyszko
13%
Masahiro Chono
13%
Yoshihiro Tajiri
13%
Zip
12%
Brian Lee
11%
Duke "The Dumpster" Droese
11%
Erik Watts
11%
Todd Champion
11%
Matt Borne
10%
Nikita Koloff
10%
Van Hammer
10%
Avatar
9%
Bill Dundee
7%
Hakushi
5%
Sam Houston
5%
Paul Diamond
4%
Billy Joe Travis
2%
Charlie Norris
2%
Firebreaker Chip
2%
Gary Young
2%
Kensuke Sasaki
2%
Mike Graham
2%
Rod Price
2%
Tim Horner
2%
Black Bart
1%
Joey Maggs
1%
Steve Simpson
1%
Takayuki Iizuka
1%
Ice Train
0%
Manabu Nakanishi
0%
Pez Whatley
0%
Steven Dane
0%
The Soultaker
0%
Tony Anthony
0%

Score Distribution

Percentile by Number Answered

Percent of People with Each Score

Your Score History

You have not taken this quiz since the last reset